00825cam a22002411 4500001001300000003000400013005001700017008004100034010001700075035001900092040004100111042001200152050002200164110003200186245016600218260001900384300001800403500001700421500005100438650004700489740003000536999001700566l 23000257 DLC20260227111529.0790710s1923 sz i100 0 eng c al 23000257  a(OCoLC)5155425 aU.S. Dept. of labor. Libr.cOCldDLC apremarc00aHD4813b.I6 1923c2 aInternational Labour Office10aInstitution of a procedure for amendment of conventions.cReport prepared by the International labour office and submitted to governments for their observations. aGeneva,c1923. a25 p.c22 cm. aCover-title. aAt head of title: International labour office. 0aLabor laws and legislation, International.0 aAmendment of conventions. c35714d35714